Statistics for March Madness Men's 2024 Teams

Click here to take the quiz!

General Stats

  • This quiz has been taken 1,046 times
  • The average score is 44 of 64

Answer Stats

HintAnswer% Correct
1Connecticut
97%
1North Carolina
97%
1Purdue
96%
1Houston
95%
3Kentucky
89%
7Texas
89%
2Iowa State
88%
4Duke
87%
2Arizona
86%
2Tennessee
86%
3Illinois
84%
4Kansas
83%
11North Carolina State
83%
4Alabama
82%
10Boise State / Colorado
82%
9Michigan State
82%
2Marquette
81%
5Gonzaga
78%
10Virginia / Colorado State
78%
4Auburn
77%
7Florida
77%
3Baylor
76%
3Creighton
75%
11Oregon
74%
6BYU
73%
6Clemson
73%
5San Diego State
73%
13Yale
73%
8Mississippi State
72%
6South Carolina
72%
8FAU
71%
9Texas A&M
71%
5Wisconsin
71%
9Northwestern
70%
6Texas Tech
70%
5Saint Mary's
67%
8Nebraska
66%
11New Mexico
66%
14Oakland
64%
11Duquesne
62%
12James Madison
62%
10Nevada
62%
7Washington State
62%
10Drake
60%
16Howard / Wagner
60%
12Grand Canyon
59%
8Utah State
59%
7Dayton
58%
15Saint Peter's
58%
9TCU
58%
12McNeese
55%
15South Dakota State
55%
16Stetson
55%
16Montana State / Grambling State
53%
13Samford
52%
13Vermont
52%
12UAB
50%
13Charleston
48%
16Longwood
47%
15Long Beach State
46%
14Colgate
45%
15Western Kentucky
44%
14Akron
43%
14Morehead State
41%

Score Distribution

Percentile by Number Answered

Percent of People with Each Score

Your Score History

You have not taken this quiz